|
|
|
|
| LEADER |
00000ny a22000003n 4500 |
| 005 |
20110617125823.0 |
| 008 |
020607s2008 it 001 0 ita c |
| 035 |
|
|
|a 4673
|
| 040 |
|
|
|a BUS
|d vLex
|
| 080 |
|
|
|a 347.6 (450)
|
| 090 |
|
|
|c 816
|d 816
|
| 100 |
1 |
|
|a Lo Giacco, M.L.
|
| 245 |
1 |
3 |
|a La familia e i suoi soggetti
|h [Recurso electrn̤ico]
|b temi giuridici /
|c M.L. Lo Giacco
|
| 256 |
|
|
|a Servicio en ln̕ea
|
| 260 |
|
|
|a Bari :
|b Cacucci,
|c 2008
|
| 300 |
|
|
|a p. ;
|c cm
|
| 506 |
1 |
|
|a Contenido solo disponible en los productos indicados
|d vLex Global
|d vLex Global (Academic Edition, excluding Law Schools)
|d vLex Global (U.S. Academic Edition, Law Schools)
|d vLex Global (U.S. Academic Edition, excluding Law Schools)
|d vLex Global (Academic Edition, Law Schools)
|
| 650 |
0 |
4 |
|a Familia
|x Derecho
|z Italia
|
| 740 |
0 |
|
|a vLex Libros (Servicios en ln̕ea)
|
| 856 |
4 |
0 |
|z Acceso restringido
|u http://vlex.com/source/familia-temi-giuridici-4673
|
| 942 |
|
|
|c BOOK
|
| 999 |
0 |
|
|a Law
|b Italia
|